Φαινόμενα μεταφοράς : μια ενοποιημένη προσέγγιση

Αποθηκεύτηκε σε:
Λεπτομέρειες βιβλιογραφικής εγγραφής
Κύριος συγγραφέας: Brodkey, Robert S.
Άλλοι συγγραφείς: Hershey, Harry C., Μπλέρης, Γεώργιος (Μεταφραστής), Λαβδάκης, Κωνσταντίνος Ε. (Μεταφραστής)
Μορφή: Βιβλίο
Γλώσσα:Greek
English
Δημοσίευση: Θεσσαλονίκη : Τζιόλας, c2001.
Θέματα:
Ετικέτες: Προσθήκη ετικέτας
Δεν υπάρχουν, Καταχωρήστε ετικέτα πρώτοι!

MARC

LEADER 00000cam a2200000 i 4500
001 1/632
008 090723s2001 gr | ||| |||| ||gre||
020 |a 9607219147   |q (τ. 1) 
020 |a 9607219155   |q (τ. 2) 
035 |l 10105308 
040 |a GR-MyUa  |b gre  |e AACR2 
041 1 |a gre  |h eng 
082 7 |a 660.2842   |2 (22) 
100 1 |a Brodkey, Robert S. 
245 1 0 |a Φαινόμενα μεταφοράς :   |b μια ενοποιημένη προσέγγιση /   |c Robert S. Brodkey Harry C. Hershey ; μετάφραση Γ.Λ. Μπλέρης, Κων/νος Ε. Λαβδάκης.  
260 |a Θεσσαλονίκη :   |b Τζιόλας,   |c c2001.  
300 |a 2 τ. :   |b πίν., σχέδια ;   |c 24 εκ.  
500 |a Τίτλος πρωτοτύπου: Transport phenomena.  
504 |a Βιβλιογραφία: σ. 828-831. Ευρετήριο.  
650 0 0 |a Transport theory. 
700 1 |a Hershey, Harry C. 
700 1 |a Μπλέρης, Γεώργιος,  |e trl 
700 1 |a Λαβδάκης, Κωνσταντίνος Ε.  |e trl 
852 |a INST  |b CHIOS  |e 20090723  |h 660.2842 BRO  |p 005200029833  |q 005200029833  |t BK  |y 0  |z τ.2 
852 |a INST  |b CHIOS  |e 20090723  |h 660.2842 BRO  |p 005200029835  |q 005200029835  |t BK  |y 0  |z τ.2 
852 |a INST  |b CHIOS  |e 20090723  |h 660.2842 BRO  |p 005200029836  |q 005200029836  |t BK  |y 0  |z τ.1 
852 |a INST  |b CHIOS  |e 20090723  |h 660.2842 BRO  |p 005200029837  |q 005200029837  |t BK  |y 0  |z τ.1 
852 |a INST  |b CHIOS  |e 20090723  |h 660.2842 BRO  |p 005200029833  |q 005200029833  |t BK  |v τ.2:  |y 0  |z τ.2 
852 |a INST  |b CHIOS  |e 20090723  |h 660.2842 BRO  |p 005200029835  |q 005200029835  |t BK  |v τ.2:  |y 0  |z τ.2 
852 |a INST  |b CHIOS  |e 20090723  |h 660.2842 BRO  |p 005200029836  |q 005200029836  |t BK  |v τ.1:  |y 0  |z τ.1 
852 |a INST  |b CHIOS  |e 20090723  |h 660.2842 BRO  |p 005200029837  |q 005200029837  |t BK  |v τ.1:  |y 0  |z τ.1 
852 |a INST  |b SAMOS  |c EUDOXUS  |e 20111219  |h 660.2842 BRO  |p 005300034118  |q 005300034118  |t EDX  |y 0  |z τ.2 
852 |a INST  |b SAMOS  |c EUDOXUS  |e 20111219  |h 660.2842 BRO  |p 005300034119  |q 005300034119  |t EDX  |y 0  |z τ.1 
852 |a INST  |b SAMOS  |c EUDOXUS  |e 20111219  |h 660.2842 BRO  |p 005300034118  |q 005300034118  |t EDX  |v τ.2:  |y 0  |z τ.2 
852 |a INST  |b SAMOS  |c EUDOXUS  |e 20111219  |h 660.2842 BRO  |p 005300034119  |q 005300034119  |t EDX  |v τ.1:  |y 0  |z τ.1 
853 |a INST  |b CHIOS  |h 660.2842 BRO 
853 |a INST  |b SAMOS  |c EUDOXUS  |h 660.2842 BRO 
901 |a BIBL3-2011-3 
901 |a BIBL2-2009-2 
920 |a ΕΥΔΟΞΟΣ  |b ΕΠΙΣΤΡΟΦΗ  |y Σάμος  |z 2011-12 
970 |a ΣΑΛΑΜΟΥΡΑ  |b ΜΑΡΙΑ  |z 2009/07/23